India in ILO / (Record no. 126549)

MARC details
000 -LEADER
fixed length control field 00658nam a22002297a 4500
005 - DATE AND TIME OF LATEST TRANSACTION
control field 20170124110011.0
010 ## - LIBRARY OF CONGRESS CONTROL NUMBER
LC control number A-456685
020 ## - INTERNATIONAL STANDARD BOOK NUMBER
Terms of availability 00.00
International Standard Book Number 8185176566
035 ## - SYSTEM CONTROL NUMBER
System control number A-456685
037 ## - SOURCE OF ACQUISITION
Source of stock number/acquisition Cen Lib/Ret
040 ## - CATALOGING SOURCE
Original cataloging agency DPL
Language of cataloging EN
082 ## - DEWEY DECIMAL CLASSIFICATION NUMBER
Classification number 331.8
Item number RAW
100 ## - MAIN ENTRY--PERSONAL NAME
Personal name Rawat, B.D.
9 (RLIN) 73175
245 ## - TITLE STATEMENT
Title India in ILO /
Statement of responsibility, etc by B.D Rawat
260 ## - PUBLICATION, DISTRIBUTION, ETC. (IMPRINT)
Place of publication, distribution, etc Jaipur
Name of publisher, distributor, etc R B S A Publishers
Date of publication, distribution, etc 1990
270 ## - ADDRESS
City Jaipur
Address S M S highway
Postal code 302003
300 ## - PHYSICAL DESCRIPTION
Extent xii,340p.
Dimensions 21cm(Hb)
500 ## - GENERAL NOTE
General note Includes annexure
650 ## - SUBJECT ADDED ENTRY--TOPICAL TERM
Topical term or geographic name as entry element ILO--frameworrk and structure
9 (RLIN) 73176
650 ## - SUBJECT ADDED ENTRY--TOPICAL TERM
Topical term or geographic name as entry element ILO--principle and policy
9 (RLIN) 73177
942 ## - ADDED ENTRY ELEMENTS (KOHA)
Source of classification or shelving scheme Dewey Decimal Classification
Koha item type English Books
Classification part 331.8
Call number suffix RAW
Holdings
Withdrawn status Lost status Damaged status Not for loan Home library Current library Date acquired Source of acquisition Cost, normal purchase price Total Checkouts Full call number Barcode Date last seen Copy number Cost, replacement price Price effective from Koha item type Public note
Written off       Central Library Central Library 25/06/2015 Cen Lib/Ret 0.00   331.8 RAW A-456685 25/06/2015 1 0.00 25/06/2015 English Books Written off on approval by DLB (By Circulation); dtd 15-06-2023

© Delhi Public Library
Hit Counter
free hit counter